| 000 | 00821nam a2200217 a 4500 | ||
|---|---|---|---|
| 005 | 20090821153831.0 | ||
| 008 | 080927s2008 ii bs 001 0 eng | ||
| 010 | _aENG-94807 | ||
| 020 |
_c100.00 _a9788187482932 |
||
| 035 | _aEN-78340 | ||
| 037 | _bDBAD / PUB | ||
| 040 |
_adpl _bEnglish |
||
| 082 | _a881 | ||
| 100 | _aShukla, Prayag | ||
| 245 |
_aWhile a plane zooms past in the sky: _cby Prayag Shukla _ba bilingual collection of peoms in Hindi and English / |
||
| 260 |
_aBikaner _bVagdevi Prakashan _c2009 |
||
| 270 |
_aVinayak Shikhar, Near Polytechnic College, _bBikaner _e334003 |
||
| 300 |
_a64p. _c23cm(Hb) |
||
| 942 |
_2ddc _cEN _mSHU _h881 |
||
| 999 |
_c29417 _d29417 |
||